| 000 | 01313nam0a22002651 4500 | ||
|---|---|---|---|
| 001 | rc\2694152 | ||
| 005 | 20250623163724.0 | ||
| 035 | _a(NLR Aleph) 006822358 | ||
| 090 |
_a6457235 _c6457235 |
||
| 100 | _a20110915d1933 |||y0rusy50 ca | ||
| 101 | 1 |
_arus _cger |
|
| 102 | _aRU | ||
| 105 | _aa z ||||| | ||
| 200 | 1 |
_aУчение о наследственности у сельскохозяйственных животных _eРуководство для животноводов _eС прил. 2 отд. статьей Х. Вридта и с 77 ил. _fХристиан Вридт, спец. по вопросам наследственности при Ин-те земледелия Норвегии _gПер. с нем. под ред. А. М. Диомидова |
|
| 205 | _a3-е изд. | ||
| 210 |
_aМосква _aЛенинград _cСельхозгиз _d1933 _eМосква _gф-ка книги "Кр. пролетарий" и 18 тип. треста "Полиграфкнига" |
||
| 215 |
_a182 с., 1 вкл. л. ил. в 2 краски _cил. _d20х14 см. |
||
| 700 | 1 |
_aВридт _bХ. _f1883- _gХристиан |
|
| 702 | 1 |
_aДиомидов _bА.М. _4340 |
|
| 801 | 0 |
_aRU _bNLR _gpsbo |
|
| 801 | 1 |
_aRU _bELAR _2rusmarc |
|
| 852 |
_aNLR _j33-2/935 |
||
| 942 | _cBOOK | ||
| 980 | _aNB | ||